000 00896nam a2200241Ia 4500
003 OSt
005 20220923225524.0
006 a|||||r|||| 00| 0
007 ta
008 ORI
024 _a270,338
037 _cTextual
040 _aARTS
_cARTS
_bORI
041 _2ORI
_aORI
082 _aO1591,1N36x, 152M1
100 _aदास, जगन्नाथ प्रसाद; खरे, विष्णु, संपा.
_9168674
245 0 _aकई तरह के दिन, अनु विजय लक्ष्मी
246 _aKaī tarah ke dina, anu vijaya lakṣhmī
260 _aदिल्ली
_b जयश्री प्रकाशन
_c1981
300 _a80पृ0
_ccm.
942 _hO1591,1N36x, 152M1
_cTEXL
_2CC
999 _c378806
_d378806